000 00832nam0a22002411 4500
001 rc\2704307
005 20230522144257.0
035 _a(NLR Aleph) 006832413
090 _a6559110
_c6559110
100 _a20110915d1934 |||y0rusy50 ca
101 0 _arus
102 _aRU
105 _aae z |||||
200 1 _aТуалетные мыла и косметика
_fГ. Г. Иоссельсон
210 _aМосква
_aЛенинград
_cГос. изд-во лег. пром.
_d1934
_e[Москва]
_g13 типо-цинк. Мособлполиграфа
215 _aПереплет, 216 с.
_cил.
_d23х16 см.
700 1 _aИоссельсон
_bГ. Г.
_gГуго Германович
801 0 _aRU
_bNLR
_gpsbo
801 1 _aRU
_bELAR
_2rusmarc
852 _aNLR
_j34-4/1469
942 _cBOOK
980 _aNB